000 00210 a2200097 4500
001 22573
100 _aPickthal, M M
245 _acultural Side of Islam
260 _a
_bSh Ashraf
_c1966
090 _c15232
_d15232
942 _aNUST-CAE
_cM
_c5817
999 _c257646
_d257646